[Event "7th Paleochora Open 2014"]
[Site "Paleochora GRE"]
[Date "2014.07.21"]
[Round "1.27"]
[White "Vozinaki, Anthi - Maria"]
[Black "Anurag, Mhamal"]
[Result "0-1"]
[BlackTitle "IM"]
[WhiteElo "1538"]
[BlackElo "2405"]
[WhiteFideId "4263898"]
[BlackFideId "5024366"]
[EventDate "2014.07.21"]

1. e4 c5 2. Nf3 e6 3. d4 cxd4 4. Nxd4 a6 5. c4 Nf6 6. Nc3 Qc7 7. a3 b6 8. Be3
Bb7 9. f3 d6 10. Rc1 Nbd7 11. Qd2 Be7 12. Be2 Rc8 13. O-O O-O 14. b4 Qb8 15. Nb3
Bd8 16. Rfd1 Bc7 17. Bf4 Ne5 18. Bg5 Ng6 19. h4 Rfe8 20. Bxf6 gxf6 21. h5 Nf8
22. Qh6 Nd7 23. Bd3 Bd8 24. e5 f5 25. exd6 Rc6 26. Re1 Bh4 27. Re2 Qd8 28. Qf4
Bg5 29. Qg3 f4 30. Qg4 Rxd6 31. Be4 Ne5 32. Bxh7+ Kxh7 33. Rxe5 f5 34. Qh3 Bf6
35. Re2 Rd3 36. Rxe6 Rxe6 37. Qxf5+ Kg7 38. Qxe6 Bc8 39. Qe4 Bxc3 40. Qg6+ Kf8
41. h6 Rd1+ 42. Rxd1 Qxd1+ 43. Kh2 Qxb3 44. Qd6+ Ke8 45. Qc6+ Bd7 46. Qe4+ Kd8
47. Qa8+ Ke7 48. Qe4+ Kd6 49. Qxf4+ Be5 50. Qxe5+ Kxe5 51. h7 Qxc4 52. h8=Q+ Kd6
53. Qf8+ Kc6 54. f4 Kb5 55. Qd6 Bc6 56. g4 Qc3 57. g5 Qxa3 58. Qd2 Qf3 59. f5
Qxf5 60. Qe3 Qe4 0-1

[Event "7th Paleochora Open 2014"]
[Site "Paleochora GRE"]
[Date "2014.07.21"]
[Round "1.28"]
[White "Michielsen, Joost"]
[Black "Serpetsidaki, Eva"]
[Result "1-0"]
[WhiteTitle "IM"]
[WhiteElo "2397"]
[BlackElo "1537"]
[WhiteFideId "1008790"]
[BlackFideId "4248902"]
[EventDate "2014.07.21"]

1. e4 c5 2. Nf3 g6 3. c4 Bg7 4. d4 cxd4 5. Nxd4 Nc6 6. Be3 Nf6 7. Nc3 Ng4 8.
Qxg4 Nxd4 9. Qd1 Ne6 10. Rc1 b6 11. Be2 Bb7 12. f3 O-O 13. O-O Qc7 14. Nd5 Qd6
15. Qd2 Rac8 16. f4 Nc5 17. e5 Qe6 18. Bf3 d6 19. b4 Na6 20. Nf6+ exf6 21. Bxb7
Rxc4 22. Bxa6 Rxc1 23. Rxc1 fxe5 24. Bc4 Qe7 25. Rd1 Rd8 26. fxe5 Bxe5 27. Bg5
Bd4+ 28. Kh1 Bf6 29. Bxf6 Qxf6 30. Rf1 Qe7 31. Rxf7 Qxf7 32. Bxf7+ Kxf7 33. Qd5+
Ke7 34. Kg1 Rd7 35. Kf2 Rc7 36. Ke3 Rc3+ 37. Kd2 Rc7 38. Qg8 Kf6 39. Qd8+ 1-0

[Event "7th Paleochora Open 2014"]
[Site "Paleochora GRE"]
[Date "2014.07.21"]
[Round "1.29"]
[White "Chursina, Ada"]
[Black "Jens, Jelmer"]
[Result "0-1"]
[BlackTitle "IM"]
[WhiteElo "1510"]
[BlackElo "2394"]
[WhiteFideId "34135283"]
[BlackFideId "1007394"]
[EventDate "2014.07.21"]

1. c4 Nf6 2. Nc3 c5 3. g3 e6 4. Bg2 d5 5. cxd5 exd5 6. d4 cxd4 7. Qxd4 Nc6 8.
Qd1 d4 9. Nb1 Bc5 10. Nf3 O-O 11. O-O Re8 12. Nbd2 h6 13. Nb3 Bb6 14. Qc2 Ne4
15. Nfd2 Nd6 16. Bxc6 bxc6 17. Qxc6 Bb7 18. Qa4 Qf6 19. Nc4 d3 20. Nxb6 dxe2 21.
Bf4 exf1=Q+ 22. Rxf1 axb6 0-1

[Event "7th Paleochora Open 2014"]
[Site "Paleochora GRE"]
[Date "2014.07.21"]
[Round "1.30"]
[White "Farahat, Ali"]
[Black "Amarapala, Anton"]
[Result "1-0"]
[WhiteTitle "IM"]
[WhiteElo "2374"]
[BlackElo "1479"]
[WhiteFideId "10600507"]
[BlackFideId "1517406"]
[EventDate "2014.07.21"]

1. e4 e5 2. Nf3 d6 3. d4 Nd7 4. Bc4 h6 5. O-O Ngf6 6. Nc3 Be7 7. Re1 O-O 8. h3
b6 9. dxe5 Nxe5 10. Nxe5 dxe5 11. Qf3 Bc5 12. Qg3 Nh5 13. Qf3 Nf6 14. Nd5 Nh7
15. Qg3 Ng5 16. h4 Ne6 17. Bxh6 c6 18. Ne3 Qf6 19. Nf5 Qg6 20. Be3 Qxg3 21. Nxg3
Bxe3 22. Rxe3 Nf4 23. Rd1 Kh7 24. Rd6 c5 25. Ne2 Nxe2+ 26. Rxe2 f6 27. f3 Kh6
28. g4 Kg6 29. Kf2 Bb7 30. Red2 Rae8 31. Ke3 Bc8 32. a3 Rh8 33. h5+ Kg5 34. Bb5
Ref8 35. Bd7 Ba6 36. Bf5 Rfg8 37. Rd7 Bc8 38. Rxa7 Bxf5 39. exf5 Rh7 40. Rdd7
Kh6 41. Rab7 Rc8 42. Rxb6 c4 43. Rbb7 c3 44. b3 Rc6 45. a4 Rc5 46. Rbc7 Rxc7 47.
Rxc7 Rh8 48. Rxc3 Rd8 49. a5 Rd1 50. a6 Ra1 51. Rc6 Ra2 52. b4 Ra3+ 53. c3 Kg5
54. b5 Ra4 55. Rc7 Ra5 56. a7 Kh6 57. b6 Ra6 58. Rb7 Kg5 59. c4 Ra4 60. Rxg7+ 1-0

[Event "7th Paleochora Open 2014"]
[Site "Paleochora GRE"]
[Date "2014.07.22"]
[Round "2.1"]
[White "Delchev, Aleksander"]
[Black "Mihajlov, Svetoslav"]
[Result "1-0"]
[WhiteTitle "GM"]
[WhiteElo "2644"]
[BlackElo "2154"]
[WhiteFideId "2900394"]
[BlackFideId "1507168"]
[EventDate "2014.07.21"]

1. d4 d5 2. Bf4 Nf6 3. e3 Bf5 4. c4 e6 5. Nc3 c6 6. Qb3 Qb6 7. c5 Qxb3 8. axb3
a6 9. b4 Nh5 10. Bc7 Nd7 11. b5 cxb5 12. Nxb5 Rc8 13. Nd6+ Bxd6 14. Bxd6 Nhf6
15. f3 Kd8 16. b4 Ne8 17. Bg3 Nc7 18. Kd2 f6 19. Ne2 Nb5 20. Nc1 Na7 21. Nb3 e5
22. Be2 Re8 23. Rhd1 Nc6 24. b5 axb5 25. Bxb5 Be6 26. Bxc6 bxc6 27. Ra7 Rc7 28.
Rda1 Bf5 29. Na5 Kc8 30. Ra8+ Nb8 31. Ra3 Kd7 32. Rb3 Rcc8 33. Nb7 1-0

[Event "7th Paleochora Open 2014"]
[Site "Paleochora GRE"]
[Date "2014.07.22"]
[Round "2.2"]
[White "Linhart, Wolfgang"]
[Black "Gupta, Abhijeet"]
[Result "0-1"]
[BlackTitle "GM"]
[WhiteElo "2154"]
[BlackElo "2634"]
[WhiteFideId "4636244"]
[BlackFideId "5010608"]
[EventDate "2014.07.21"]

1. d4 Nf6 2. Nf3 g6 3. Bf4 Bg7 4. e3 d6 5. Be2 O-O 6. h3 c5 7. c3 Qb6 8. Qb3 Be6
9. Qxb6 axb6 10. a3 Bd5 11. Nbd2 Bc6 12. O-O Nbd7 13. Bh2 b5 14. Bd3 e5 15. e4
exd4 16. cxd4 d5 17. e5 Ne4 18. dxc5 Ndxc5 19. Bc2 Nxd2 20. Nxd2 d4 21. Nb3 d3
22. Nxc5 dxc2 23. Rac1 b6 24. Nb3 Be4 25. Rfe1 Ra4 26. Nd2 Bd3 27. f4 Rd8 28. g4
Bh6 29. g5 Bf8 30. Kg2 b4 31. b3 Rxa3 32. Bg1 Bc5 33. h4 Bf5 34. Ne4 Bxe4+ 35.
Rxe4 Rd2+ 0-1

[Event "7th Paleochora Open 2014"]
[Site "Paleochora GRE"]
[Date "2014.07.22"]
[Round "2.3"]
[White "Zubarev, Alexander1"]
[Black "Theodoulidis, Theodoros"]
[Result "1/2-1/2"]
[WhiteTitle "GM"]
[WhiteElo "2583"]
[BlackElo "2116"]
[WhiteFideId "14104385"]
[BlackFideId "4200810"]
[EventDate "2014.07.21"]

1. c4 e5 2. Nc3 Nf6 3. g3 Bb4 4. Bg2 Nc6 5. Nf3 O-O 6. O-O Bxc3 7. bxc3 e4 8.
Ng5 Re8 9. f3 exf3 10. Nxf3 d5 11. d4 Ne4 12. Qc2 Bf5 13. Nh4 Bg6 14. Nxg6 hxg6
15. g4 Na5 16. cxd5 Qxd5 17. Bf4 Nc4 18. Rad1 Rad8 19. Bc1 Rd7 20. Rf4 Rde7 21.
g5 b5 22. Qd3 Ncd6 23. Rh4 Nf5 24. Rg4 c5 25. e3 c4 26. Qc2 a5 27. a3 Nfd6 28.
Rf1 Qb7 29. Bf3 b4 30. axb4 axb4 31. cxb4 Qxb4 32. Qg2 Qc3 33. Rh4 Nf5 34. Rxe4
Rxe4 35. Bxe4 Nxe3 36. Qf3 Rxe4 37. Qxe4 Nxf1 38. Qf4 Qd3 39. d5 Nxh2 40. Qb8+
Kh7 41. Qxh2+ Kg8 42. Qd2 Qg3+ 43. Kf1 Qf3+ 44. Ke1 Qe4+ 45. Kf2 Qf5+ 46. Ke3
Qe5+ 47. Kf3 Qf5+ 48. Kg3 Qe5+ 49. Kf2 Qf5+ 50. Ke1 Qe4+ 51. Kd1 1/2-1/2

[Event "7th Paleochora Open 2014"]
[Site "Paleochora GRE"]
[Date "2014.07.22"]
[Round "2.4"]
[White "Soukos, Konstantinos"]
[Black "Svetushkin, Dmitry"]
[Result "0-1"]
[BlackTitle "GM"]
[WhiteElo "2111"]
[BlackElo "2557"]
[WhiteFideId "4207378"]
[BlackFideId "13900463"]
[EventDate "2014.07.21"]

1. e4 c6 2. d4 d5 3. Nc3 dxe4 4. Nxe4 Bf5 5. Ng3 Bg6 6. Bc4 e6 7. N1e2 Bd6 8. h4
h6 9. Nf4 Bxf4 10. Bxf4 Nf6 11. h5 Bh7 12. Qe2 Nbd7 13. O-O-O Nd5 14. Bd2 Qf6
15. Ne4 Bxe4 16. Qxe4 Qxf2 17. Rdf1 Qg3 18. Rh3 Qd6 19. Rb3 N7f6 20. Qe2 b5 21.
Bxd5 Qxd5 22. g4 a5 23. Bf4 a4 24. Re3 Qxa2 25. Be5 a3 26. Bxf6 axb2+ 27. Kd2
gxf6 28. Rxf6 O-O-O 29. Rc3 b1=N+ 0-1

[Event "7th Paleochora Open 2014"]
[Site "Paleochora GRE"]
[Date "2014.07.22"]
[Round "2.5"]
[White "Borovikov, Vladislav"]
[Black "Tsakiris, Haralambos"]
[Result "1-0"]
[WhiteTitle "GM"]
[BlackTitle "FM"]
[WhiteElo "2556"]
[BlackElo "2099"]
[WhiteFideId "14102811"]
[BlackFideId "4223314"]
[EventDate "2014.07.21"]

1. d4 Nf6 2. Nf3 e6 3. c4 Bb4+ 4. Nbd2 O-O 5. a3 Be7 6. e4 d6 7. Bd3 Nbd7 8. O-O
e5 9. b3 c5 10. d5 Nh5 11. b4 g6 12. Bc2 a5 13. bxc5 Nxc5 14. Nb3 b6 15. Nxc5
bxc5 16. Rb1 Ba6 17. Bd3 Qd7 18. Bd2 a4 19. Be3 Rfb8 20. Nd2 Rxb1 21. Bxb1 Bd8
22. Bc2 Bc8 23. Nb1 Qa7 24. Nc3 Bd7 25. g3 Bh3 26. Re1 Ba5 27. Bd2 Bxc3 28. Bxc3
Bd7 29. Qd2 Qc7 30. f4 f6 31. Bd1 Ng7 32. g4 Rf8 33. g5 Qd8 34. gxf6 Qxf6 35.
fxe5 dxe5 36. Qg2 Ne8 37. Qg3 Qa6 38. Qxe5 Qf6 39. Qxf6 Nxf6 40. e5 Ne8 1-0

[Event "7th Paleochora Open 2014"]
[Site "Paleochora GRE"]
[Date "2014.07.22"]
[Round "2.6"]
[White "Skaperdas, Kostantinos"]
[Black "Kharitonov, Alexandr"]
[Result "0-1"]
[BlackTitle "GM"]
[WhiteElo "2093"]
[BlackElo "2554"]
[WhiteFideId "4205626"]
[BlackFideId "4135202"]
[EventDate "2014.07.21"]

1. e4 c6 2. d4 d5 3. e5 Bf5 4. Nd2 e6 5. Nb3 Nd7 6. Nf3 a6 7. Be2 c5 8. dxc5
Bxc5 9. Nxc5 Nxc5 10. Nd4 Ne7 11. O-O O-O 12. Bf4 Rc8 13. Qd2 Bg6 14. h4 h6 15.
h5 Bh7 16. Rad1 Qb6 17. c3 Nc6 18. Nxc6 Rxc6 19. Be3 Ne4 20. Qc1 Qa5 21. a3 Qc7
22. Bf4 Qb6 23. Rd4 f6 24. f3 Nc5 25. Rb4 Nd3+ 26. Rxb6 Nxc1 27. Rxc6 Nxe2+ 28.
Kf2 Nxf4 29. Rb6 fxe5 30. Rxb7 Nxh5 31. Rb6 Nf4 32. g3 Nd3+ 33. Ke3 Rd8 34. Rd1
d4+ 35. Ke2 Nc5 36. cxd4 exd4 37. Rc6 Nb3 38. Kf2 a5 39. Re1 a4 40. f4 d3 41.
Rc4 d2 42. Rd1 Bf5 43. Kf3 h5 0-1

[Event "7th Paleochora Open 2014"]
[Site "Paleochora GRE"]
[Date "2014.07.22"]
[Round "2.7"]
[White "Mirzoev, Azer"]
[Black "Kalogeris, Ioannis"]
[Result "1-0"]
[WhiteTitle "GM"]
[WhiteElo "2554"]
[BlackElo "2082"]
[WhiteFideId "13400304"]
[BlackFideId "4239563"]
[EventDate "2014.07.21"]

1. d4 Nf6 2. c4 c5 3. Nf3 cxd4 4. Nxd4 Na6 5. Nc3 Nc5 6. f3 d6 7. e4 g6 8. Be2
Bg7 9. Be3 O-O 10. O-O Ne6 11. Nc2 Bd7 12. Qd2 a6 13. Rfc1 Rc8 14. Rab1 Nc5 15.
b3 Ne8 16. Nd4 Ne6 17. Nxe6 Bxe6 18. Na4 f5 19. exf5 Bxf5 20. Bd3 b5 21. Bxf5
Rxf5 22. Nb6 Rb8 23. Nd5 e6 24. Nb4 Qa5 25. Nc6 Qxd2 26. Bxd2 Rb7 27. Nd8 Re7
28. cxb5 axb5 29. a4 Rd5 30. Be1 e5 31. a5 Rd7 32. Nc6 Bh6 33. Rd1 Rxd1 34. Rxd1
Rc7 35. Nb4 Be3+ 36. Bf2 Bxf2+ 37. Kxf2 Kf7 38. a6 Ke6 39. Ra1 Ra7 40. f4 Nf6
41. fxe5 dxe5 42. Nc6 Ra8 43. a7 Kd5 44. Ra6 Nd7 45. Ke3 e4 46. Nd4 Nc5 47. Ra5
b4 48. h4 h5 49. Ra1 Nd7 50. Ra6 Kc5 51. Rc6+ 1-0

[Event "7th Paleochora Open 2014"]
[Site "Paleochora GRE"]
[Date "2014.07.22"]
[Round "2.8"]
[White "Pappelis, Dimitrios"]
[Black "David, Alberto"]
[Result "0-1"]
[BlackTitle "GM"]
[WhiteElo "2070"]
[BlackElo "2553"]
[WhiteFideId "4215281"]
[BlackFideId "4000013"]
[EventDate "2014.07.21"]

1. c4 e5 2. g3 Nf6 3. Nc3 Bb4 4. Bg2 O-O 5. Nf3 Re8 6. O-O c6 7. d4 e4 8. Ne1 h6
9. Nc2 Bxc3 10. bxc3 d6 11. Ne3 Ng4 12. Qb3 Nxe3 13. Bxe3 Nd7 14. Rad1 Qe7 15.
Bf4 Nb6 16. f3 e3 17. Bxd6 Qxd6 18. c5 Qg6 19. cxb6 axb6 20. c4 b5 21. f4 Bf5
22. Rc1 bxc4 23. Qxc4 h5 24. Bf3 h4 25. Kg2 Ra5 26. d5 cxd5 27. Bxd5 Rxd5 0-1

[Event "7th Paleochora Open 2014"]
[Site "Paleochora GRE"]
[Date "2014.07.22"]
[Round "2.9"]
[White "Rychagov, Andrey"]
[Black "Kolodkin, Daniil"]
[Result "1-0"]
[WhiteTitle "GM"]
[WhiteElo "2543"]
[BlackElo "2052"]
[WhiteFideId "4119932"]
[BlackFideId "1039776"]
[EventDate "2014.07.21"]

1. d4 Nf6 2. c4 g6 3. Nc3 d5 4. cxd5 Nxd5 5. e4 Nxc3 6. bxc3 Bg7 7. Bg5 c5 8.
Rc1 Qa5 9. Qd2 cxd4 10. cxd4 Qxd2+ 11. Kxd2 O-O 12. Nf3 e6 13. Rc7 Nc6 14. Bb5
f6 15. Be3 Na5 16. Rhc1 a6 17. Bd3 f5 18. d5 b5 19. d6 Bb7 20. Ng5 fxe4 21. Nxe6
Rf7 22. d7 Bf6 23. Rc8+ Bd8 24. Nxd8 Bxc8 25. dxc8=Q 1-0

[Event "7th Paleochora Open 2014"]
[Site "Paleochora GRE"]
[Date "2014.07.22"]
[Round "2.10"]
[White "Gouloutis, Nikolaos"]
[Black "Zinchenko, Yaroslav"]
[Result "0-1"]
[BlackTitle "GM"]
[WhiteElo "2064"]
[BlackElo "2532"]
[WhiteFideId "4224256"]
[BlackFideId "14110547"]
[EventDate "2014.07.21"]

1. d4 Nf6 2. Nf3 g6 3. c4 Bg7 4. Nc3 d5 5. e3 O-O 6. Qb3 e6 7. Bd2 Nc6 8. cxd5
exd5 9. Be2 Ne7 10. O-O Nf5 11. Rfd1 c6 12. Ne5 Nd6 13. Rac1 Bf5 14. Be1 Re8 15.
Qa4 a5 16. b4 axb4 17. Qxb4 Bf8 18. a4 Nd7 19. Nd3 Ra7 20. Qb3 Nc4 21. Ra1 Bd6
22. Bf1 h5 23. Nb1 Qc7 24. h3 Rea8 25. Bb4 Qb6 26. a5 Rxa5 27. Rxa5 Rxa5 28. Qc3
Bxb4 29. Qxb4 Rb5 30. Qe1 Rb3 31. Nc3 Bxd3 32. Bxd3 Nb2 33. Bc2 Nxd1 34. Bxb3
Nxe3 35. Qxe3 Qxb3 36. Qe8+ Nf8 37. Ne2 Qb1+ 38. Kh2 Qe4 39. Qxe4 dxe4 40. Nc3
f5 41. g4 hxg4 42. hxg4 Kf7 43. gxf5 gxf5 44. Kg3 Kf6 45. Kf4 Ne6+ 46. Ke3 Nc7
47. Na4 Nd5+ 48. Kd2 b6 0-1

[Event "7th Paleochora Open 2014"]
[Site "Paleochora GRE"]
[Date "2014.07.22"]
[Round "2.11"]
[White "Pap, Misa"]
[Black "Cafaro, Luca"]
[Result "1-0"]
[WhiteTitle "GM"]
[WhiteElo "2514"]
[BlackElo "2026"]
[WhiteFideId "921610"]
[BlackFideId "859818"]
[EventDate "2014.07.21"]

1. e4 e5 2. Nf3 Nc6 3. Bb5 a6 4. Ba4 Nf6 5. d3 d6 6. c3 g6 7. O-O Bg7 8. Re1 O-O
9. Bg5 h6 10. Bh4 g5 11. Bg3 Bg4 12. Bxc6 bxc6 13. Nbd2 Nh5 14. Nf1 Rb8 15. h3
Bxf3 16. Qxf3 Nxg3 17. Nxg3 Rxb2 18. Nf5 Qf6 19. Reb1 Rfb8 20. Qd1 Qe6 21. Qc1
R2b6 22. c4 d5 23. Rb3 dxe4 24. dxe4 Rxb3 25. axb3 Rxb3 26. Rxa6 Rb4 27. Rxc6
Qd7 28. Qc2 Rb6 29. Rc5 Kh7 30. Rd5 Qe6 31. Qd3 Rb4 32. Kh2 c6 33. Rd7 Rxc4 34.
Re7 Rd4 35. Qa6 Qc4 36. Qxc4 Rxc4 37. Rxf7 Rxe4 38. Rxg7+ Kh8 39. Rg6 1-0

[Event "7th Paleochora Open 2014"]
[Site "Paleochora GRE"]
[Date "2014.07.22"]
[Round "2.12"]
[White "Mihopoulos, Konstantinos"]
[Black "Werle, Jan"]
[Result "0-1"]
[BlackTitle "GM"]
[WhiteElo "2034"]
[BlackElo "2511"]
[WhiteFideId "4217110"]
[BlackFideId "1006088"]
[EventDate "2014.07.21"]

1. c4 f5 2. g3 Nf6 3. Bg2 d6 4. d4 g6 5. Nc3 Bg7 6. Nf3 O-O 7. O-O Qe8 8. d5 a5
9. e4 fxe4 10. Ng5 Bg4 11. Qb3 Na6 12. Be3 h6 13. Ngxe4 Nxe4 14. Nxe4 a4 15. Qd3
c5 16. Qd2 Kh7 17. h3 Bd7 18. f4 Nc7 19. g4 b5 20. Ng3 bxc4 21. Be4 Kh8 22. f5
gxf5 23. Nxf5 Bxf5 24. Bxf5 Rf6 25. g5 hxg5 26. Bxg5 Qf7 27. Be4 Rg8 28. Bxf6
Bxf6+ 29. Kh1 Qh5 30. Bg2 Nb5 31. Qd1 Qg5 32. Be4 Qh4 33. Bf5 Rg3 34. Rf3 Rg5
35. Be6 Nd4 36. Rxf6 Qe4+ 0-1

[Event "7th Paleochora Open 2014"]
[Site "Paleochora GRE"]
[Date "2014.07.22"]
[Round "2.13"]
[White "Gavrilov, Alexei1"]
[Black "Tsiros, Fragkiskos Vlasios"]
[Result "1-0"]
[WhiteTitle "GM"]
[WhiteElo "2494"]
[BlackElo "2018"]
[WhiteFideId "4104358"]
[BlackFideId "4228200"]
[EventDate "2014.07.21"]

1. e4 c5 2. Nf3 d6 3. Bb5+ Nd7 4. O-O a6 5. Bd3 Ngf6 6. Re1 e6 7. c3 Be7 8. Bc2
O-O 9. d4 b5 10. e5 dxe5 11. dxe5 Nd5 12. Qd3 g6 13. Bh6 Re8 14. Nbd2 Qc7 15.
Qe4 b4 16. c4 N5b6 17. h4 Bb7 18. Qg4 Bf8 19. Bxf8 Rxf8 20. h5 Kg7 21. b3 Rad8
22. Qf4 Nc8 23. Be4 Bxe4 24. Nxe4 Ne7 25. Nf6 Ng8 26. Re3 Qb8 27. Nxh7 Kxh7 28.
hxg6+ Kg7 29. Ng5 Nxe5 30. Rxe5 Rd4 31. Qh2 Rh4 32. Qxh4 Qxe5 33. Qh7+ Kf6 34.
Qh8+ Kf5 35. g4+ 1-0

[Event "7th Paleochora Open 2014"]
[Site "Paleochora GRE"]
[Date "2014.07.22"]
[Round "2.14"]
[White "Papadopoulos, Argirios"]
[Black "Pakleza, Zbigniew"]
[Result "0-1"]
[BlackTitle "IM"]
[WhiteElo "2019"]
[BlackElo "2487"]
[WhiteFideId "4241509"]
[BlackFideId "1119290"]
[EventDate "2014.07.21"]

1. e4 a6 2. d4 b5 3. a4 b4 4. Bd3 e6 5. Nf3 Be7 6. O-O Nf6 7. Qe2 d5 8. e5 Nfd7
9. c3 c5 10. cxb4 c4 11. Bc2 Nc6 12. b3 cxb3 13. Bxb3 Nxb4 14. Ba3 Rb8 15. Nc3
O-O 16. Na2 Nxa2 17. Qxa2 a5 18. Rfc1 Ba6 19. Rc6 Bxa3 20. Qxa3 Be2 21. Bd1 Bxf3
22. Bxf3 Rb4 23. Qc3 Nb6 24. Bd1 g6 25. g3 Qb8 26. Qc5 Nc4 27. Bc2 Nd2 28. Qc3
Rxd4 29. Re1 Qb4 30. Kg2 Qxc3 31. Rxc3 Rc4 32. Rxc4 Nxc4 33. Bd3 Rc8 34. Re2 Nb6
35. Bb5 Rc3 36. Re3 Rc2 37. Rb3 Nc4 38. Bxc4 Rxc4 39. Ra3 g5 40. f3 Rc2+ 41. Kh3
Kg7 42. f4 gxf4 43. gxf4 Kg6 44. Kg3 Kf5 45. Rb3 d4 46. Rb5 Rc3+ 47. Kf2 Kxf4
48. Rxa5 Rc2+ 49. Ke1 Ke3 50. Kd1 Rxh2 0-1

[Event "7th Paleochora Open 2014"]
[Site "Paleochora GRE"]
[Date "2014.07.22"]
[Round "2.15"]
[White "Rombaldoni, Denis"]
[Black "Stahlberg, Adam"]
[Result "1-0"]
[WhiteTitle "IM"]
[WhiteElo "2484"]
[BlackElo "2015"]
[WhiteFideId "813575"]
[BlackFideId "1503898"]
[EventDate "2014.07.21"]

1. d4 Nf6 2. Nf3 e6 3. e3 b6 4. Bd3 Bb7 5. O-O c5 6. c4 cxd4 7. exd4 d5 8. cxd5
Nxd5 9. Ne5 Bd6 10. Qg4 Kf8 11. Nd2 Nf6 12. Qh3 Nc6 13. Ndc4 Be7 14. Nxc6 Bxc6
15. Ne5 Be8 16. Be3 Nd5 17. Rac1 Nb4 18. Be4 Rc8 19. Rxc8 Qxc8 20. a3 Na6 21.
Qf3 Qd8 22. Bc6 Nb8 23. Bxe8 Qxe8 24. Rc1 f6 25. Qb7 fxe5 26. Rc8 Kf7 27. Rxe8
Rxe8 28. Bg5 1-0

[Event "7th Paleochora Open 2014"]
[Site "Paleochora GRE"]
[Date "2014.07.22"]
[Round "2.16"]
[White "Serntedakis, Athanasios"]
[Black "Stopa, Jacek"]
[Result "0-1"]
[BlackTitle "IM"]
[WhiteElo "2018"]
[BlackElo "2482"]
[WhiteFideId "4239423"]
[BlackFideId "1119591"]
[EventDate "2014.07.21"]

1. e4 c5 2. Nc3 a6 3. g3 b5 4. Bg2 Bb7 5. Nge2 e6 6. d3 b4 7. Na4 Nf6 8. b3 d5
9. e5 Nfd7 10. f4 g6 11. O-O Qc7 12. Qe1 Bg7 13. Qf2 O-O 14. Be3 Rc8 15. Rae1 a5
16. g4 d4 17. Bd2 Bxg2 18. Qxg2 Qc6 19. Ng3 Qxg2+ 20. Kxg2 Nc6 21. Ne4 Ne7 22.
Nd6 Rc6 23. Nc4 Nd5 24. Re2 Nc3 25. Bxc3 dxc3 26. Rd1 Bf8 27. g5 Rca6 28. Re4
Rd8 29. Re2 Nb8 30. Rf2 Nc6 31. Re1 Nd4 32. h4 Nf5 33. Kh3 h6 34. Ne3 Kh7 35.
Nxf5 gxf5 36. Kg3 Rc6 37. Ree2 Kg6 38. Rg2 Be7 39. Rh2 Rh8 40. Reg2 h5 41. Kf3
Rd8 42. Rg1 Rd5 43. Rgg2 Bd8 44. Rg1 Bc7 45. Re1 Bb8 46. Rhh1 Ba7 47. Rhf1 Kg7
48. Rd1 Rc8 49. Rfe1 Rd4 50. Rf1 Rcd8 51. Rde1 Rg8 52. Rh1 Kf8 53. Rhf1 Ke7 54.
Rh1 Kd7 55. Rd1 Kc6 56. Rhf1 Kb5 57. Rg1 Rd7 58. Ke2 Kc6 59. Rgf1 Rgd8 60. Rh1
Kb5 61. Rh3 Rd4 62. Rf3 c4 63. dxc4+ Kc6 64. Rdd3 Re4+ 65. Kd1 Rdd4 66. c5 Bxc5
67. Nxc5 Kxc5 68. Rxd4 Rxd4+ 69. Ke1 Kd5 70. Rd3 Ke4 71. Ke2 Rxd3 72. cxd3+ Kxf4
73. d4 Ke4 0-1

[Event "7th Paleochora Open 2014"]
[Site "Paleochora GRE"]
[Date "2014.07.22"]
[Round "2.17"]
[White "Antic, Dejan"]
[Black "Hrisanthopoulos, Dimitrios"]
[Result "1-0"]
[WhiteTitle "GM"]
[WhiteElo "2479"]
[BlackElo "1997"]
[WhiteFideId "901008"]
[BlackFideId "4200543"]
[EventDate "2014.07.21"]

1. d4 Nf6 2. c4 e6 3. g3 d5 4. Nf3 Bb4+ 5. Bd2 Be7 6. Bg2 O-O 7. O-O c6 8. Bf4
b6 9. Nc3 Bb7 10. Rc1 Nbd7 11. cxd5 exd5 12. Ne5 Re8 13. e4 a6 14. Nxd7 1-0

[Event "7th Paleochora Open 2014"]
[Site "Paleochora GRE"]
[Date "2014.07.22"]
[Round "2.18"]
[White "Stefanov, Evtim"]
[Black "Skembris, Spyridon"]
[Result "0-1"]
[BlackTitle "GM"]
[WhiteElo "2007"]
[BlackElo "2473"]
[WhiteFideId "2907070"]
[BlackFideId "4200020"]
[EventDate "2014.07.21"]

1. e4 c5 2. Nf3 Nc6 3. Bb5 g6 4. O-O Bg7 5. Bxc6 bxc6 6. c3 Nf6 7. Re1 O-O 8. d4
Qb6 9. Na3 cxd4 10. cxd4 Ba6 11. b3 c5 12. Nc2 cxd4 13. Ncxd4 Qb7 14. e5 Nd5 15.
Bb2 Rac8 16. Qd2 Rfe8 17. Rac1 Rxc1 18. Rxc1 Nb4 19. Qg5 Nxa2 20. Ra1 Nb4 21.
Nf5 gxf5 22. e6 f6 23. Qxf5 Bd3 24. exd7 Rd8 25. Qe6+ Kf8 26. Ng5 Bg6 27. Rd1 h6
28. Nf3 Nd3 29. Ne5 Nxe5 30. Bxe5 Bf7 0-1

[Event "7th Paleochora Open 2014"]
[Site "Paleochora GRE"]
[Date "2014.07.22"]
[Round "2.19"]
[White "Kapnisis, Spyridon"]
[Black "Egorova, Ayyyna"]
[Result "1-0"]
[WhiteTitle "GM"]
[BlackTitle "WCM"]
[WhiteElo "2455"]
[BlackElo "1968"]
[WhiteFideId "4203445"]
[BlackFideId "24136611"]
[EventDate "2014.07.21"]

1. e4 Nf6 2. e5 Nd5 3. d4 d6 4. c4 Nb6 5. exd6 exd6 6. Nc3 Be7 7. h3 Nc6 8. Nf3
Bf5 9. d5 Ne5 10. Nd4 Bg6 11. Be2 O-O 12. b3 h6 13. O-O a5 14. Be3 Ned7 15. Rc1
Nc5 16. a3 Bf6 17. b4 axb4 18. axb4 Ne4 19. Ncb5 Qe7 20. Re1 Ra2 21. Bd3 Bh4 22.
Rc2 Rxc2 23. Qxc2 Re8 24. Nf3 f5 25. Nxh4 Qxh4 26. Nxc7 f4 27. Bxb6 Re5 28. Bd4
Rg5 29. Rxe4 Qxh3 30. f3 Qh4 31. Re6 Bf7 32. Qe2 1-0

[Event "7th Paleochora Open 2014"]
[Site "Paleochora GRE"]
[Date "2014.07.22"]
[Round "2.20"]
[White "Papadopoulos, Panayotis"]
[Black "Prasanna, Raghuram Rao"]
[Result "0-1"]
[BlackTitle "IM"]
[WhiteElo "1992"]
[BlackElo "2455"]
[WhiteFideId "4222636"]
[BlackFideId "5022401"]
[EventDate "2014.07.21"]

1. d4 Nf6 2. Nf3 e6 3. Bf4 c5 4. e3 cxd4 5. exd4 b6 6. Nbd2 Be7 7. c3 O-O 8. a4
d6 9. Bd3 Bb7 10. O-O Nbd7 11. Re1 Re8 12. a5 Bf8 13. Qc2 Qc7 14. Bg3 g6 15. Ne4
Nxe4 16. Bxe4 Bxe4 17. Qxe4 bxa5 18. h4 Rab8 19. Re2 Rb5 20. Ne1 Nf6 21. Qf3 Rf5
22. Qd3 Rb8 23. c4 Nh5 24. Bh2 Bg7 25. Rc2 e5 26. g4 Nf4 27. Qa3 Rf6 28. Qxa5
Qc8 29. f3 Re6 30. Qxa7 Re8 31. d5 h5 32. g5 Qf5 33. Bxf4 exf4 34. Qf2 Re3 35.
Kg2 Bd4 36. Qd2 Bc5 37. Qd1 Rxe1 0-1